000 00691nam a22002057a 4500
005 20241015093541.0
008 241009b |||||||| |||| 00| 0 eng d
020 _a9781119932482
082 _aDC 332.1068 H877 2023
100 _aHull, John C.
_9644
245 _aRisk management and financial institutions /
_cJohn C. Hull
250 _aSixth edition.
260 _aNew Jersey :
_bJohn Wiley & Sons, Inc.,
_c©2023.
300 _axxvi, 804 pages :
_billustrations ;
_c26 cm.
500 _aIncludes glossary and index.
650 0 _aFinancial institutions
_xManagement.
_962923
650 0 _aFinancial risk management.
_962924
650 0 _aRisk management.
_93905
942 _2ddc
_cDC
999 _c22351
_d22351